Statistics for Capital to country hard to spell

Click here to take the quiz!

General Stats

  • This quiz has been taken 10 times
  • The average score is 11 of 16

Answer Stats

CountryCapital% Correct
Moldovachisinau
100%
Senegaldakar
100%
Burkina Fasoouagadougou
100%
Nicaraguamanagua
89%
Seychellesvictoria
89%
Guyanageorgetown
78%
Tonganuku alofa
78%
Trinidad and Tobagoport of spain
78%
Fijisuva
78%
Ivory Coastyamoussoukro
78%
St Luciacastries
67%
Mongoliaulan bataar
67%
Maltavalleta
67%
Micronesiapalikir
33%
Myanmarnaypidaw
11%
Armeniajerewan
0%

Score Distribution

Percentile by Number Answered

Percent of People with Each Score

Your Score History

You have not taken this quiz